Football Rulebook 2009/ (Record no. 204208)

MARC details
000 -LEADER
fixed length control field 00559nam a22001937a 4500
005 - DATE AND TIME OF LATEST TRANSACTION
control field 20240719115624.0
010 ## - LCCN (DPL NO)
LC control number ENG-140902
020 ## - INTERNATIONAL STANDARD BOOK NUMBER
International Standard Book Number 9788178791357
Terms of availability 140.00
035 ## - SYSTEM CONTROL NUMBER
System control number EN-124434
037 ## - SOURCE OF ACQUISITION
Source of stock number/acquisition DBAD
082 ## - DEWEY DECIMAL CLASSIFICATION NUMBER
Classification number 796.33
Edition number 1
100 ## - MAIN ENTRY--PERSONAL NAME
Personal name Nagi, Kunal
245 ## - TITLE STATEMENT
Title Football Rulebook 2009/
Statement of responsibility, etc By Kunal Nagi
250 ## - EDITION STATEMENT
Edition statement 1
260 ## - PUBLICATION, DISTRIBUTION, ETC. (IMPRINT)
Place of publication, distribution, etc New Delhi
Name of publisher, distributor, etc Sports Publications
Date of publication, distribution, etc 2009
270 ## - ADDRESS
Address 7/26, Ground Floor, Ansari Road, Darya Ganj
City New Delhi
Postal code 110002
300 ## - PHYSICAL DESCRIPTION
Extent 80p.
Dimensions 22cm(hbk)
942 ## - ADDED ENTRY ELEMENTS (KOHA)
Source of classification or shelving scheme Dewey Decimal Classification
Item type English Books
Classification part 796.33
Call number suffix NAG
Edition 1
Holdings
Withdrawn status Lost status Not for loan Collection code Home library Current library Date acquired Source of acquisition Cost, normal purchase price Full call number Barcode Copy number Cost, replacement price Koha item type
      Non-fiction Patel Nagar Patel Nagar 19/07/2024 DBAD 140.00 796.33 NAG EN-124434 1 140.00 English Books

© Delhi Public Library
Hit Counter
free hit counter